000 00757nam a22002417a 4500
003 OSt
005 20260601193901.0
008 260507b1975 sp a|||| |||| 00| 0 spa d
020 _a8473530233
040 _aICI
_bspa
_cICI
041 _aspa
050 4 _aN76
_bW423
100 1 _aWeyl, Hermann,
_eautor
_933833
245 1 _aLa simetría /
_cHermann Weyl ; prólogo de Eduardo Bonet ; traducción de José Grané
264 _aBarcelona :
_bEdiciones de Promoción Cultural,
_cc1975
300 _a145 páginas
490 0 _aColección de matemática aplicada
650 _aEstética
_97755
650 _aProporción (Arte)
_933834
700 1 _aBonet, Eduardo,
_eprologuista
_933835
700 1 _aGrane, José,
_etraductor
_933836
942 _2lcc
_cB
_n1
999 _c22229
_d22229